000 01166nam a22003137a 4500
001 10128
003 FISKH
005 20260424080539.0
008 260423b cb ||||| |||| 00| 0 eng d
020 _a9780462004655
040 _aFISKH
_beng
_cFISKH
_dFISKH
050 _aPZ7
082 _a823.92
100 _aSmith, Ben
_eAuthor
245 _aBetty bee's lunch /
_cWritten by Ben Smith : Illustrated by Jeff Burnett
250 _aFirst published 2008
260 _aLondon :
_bMarshall Cavendish Limited ,
_c2008
300 _a16 pages :
_bcolor illustrations ;
_c16 X 19 cm .
490 _aMy Pals Are Here ! Reading Stars :
_v3e
505 _aG
520 _aBetty Bee is hungry and looks for something to eat. She explores different food options and decides what she likes for her lunch. Along the way, the story introduces basic food vocabulary and shows how Betty makes simple choices. In the end, she enjoys her meal.
521 8 _a350
_bLexile estimate
521 8 _aG
_bRaz-Plus
650 _aLunch
_vFood
650 _aEating
_vDaily routine
700 _aBurnett, Jeff
_eIllustrator
942 _2ddc
_cBK
_n0
999 _c10128
_d10128